Méditations poétiques
Gespeichert in:
| 1. Verfasser: | |
|---|---|
| Format: | Buch |
| Sprache: | Französisch |
| Veröffentlicht: |
París
Librairie Larousse
1954
|
| Ausgabe: | 37a. ed |
| Schlagworte: | |
| Tags: |
Tag hinzufügen
Keine Tags, Fügen Sie den ersten Tag hinzu!
|
MARC
| LEADER | 00000nam a2200000 a 4500 | ||
|---|---|---|---|
| 001 | UCQ0735 | ||
| 003 | CL-VaPUC | ||
| 008 | 980703e19540000FR |||||||||||||||||fre|d | ||
| 082 | 0 | 4 | |a 841 |b LAM |2 21 |
| 100 | |a Lamartine, Alphonse de |e author |9 442344 | ||
| 245 | 1 | 0 | |a Méditations poétiques |
| 250 | |a 37a. ed | ||
| 300 | |a 111 p | ||
| 942 | |c BK | ||
| 945 | |d 19980703 00:00:00 |a lriquelm | ||
| 260 | |a París |b Librairie Larousse |c 1954 | ||
| 650 | 0 | |a Poesías francesas |9 265467 | |
| 650 | 0 | |a Literatura francesa |9 266330 | |
| 583 | |a last modification |c 19980703 00:00:00 |k Rodrigo Vera | ||
| 999 | |c 271771 |d 271769 | ||
| 952 | |0 0 |1 0 |4 0 |6 841_000000000000000_LAM_1954 |7 0 |8 A |9 306527 |a BIBEDU |b BIBEDU |d 2019-11-20 |i 1425986 |o 841 LAM 1954 |p 1425986 |r 2019-11-20 |w 2019-11-20 |y BK |k LIT | ||